01988cam a22003614i 4500003000900000005001700009008004100026035001900067040003300086082002100119100003400140245011700174264007900291300003800370336002100408337002500429338002300454505097700477526001001454526001001464526001001474526001001484526000801494526000801502526000801510526000801518526000801526526000801534526000801542541001601550650002201566700003801588PE-LiUPU20250731173355.0150706s1978 ir r 000 0 spa d a(Sirsi) a48996 aPE-LiUPUbspacPE-LiUPUerda04a297.204bFDI2211 aMusavi Lari, Mujtaba,eautor.14aLos fundamentos de la doctrina islámica :bLibro I /cMujtaba Musavi Lari ; traducido por Haidar Taufiq Brusa. 1a[Iran] :b[Sayyed Mojtaba Musavi Lari, Foundation of Islamic CPW],c[1978] a260 páginas ;c22 centímetros atext2rdacontent aunmediated2rdamedia avolume2rdacarrier0 aEl desarrollo de las creencias a través de las épocas -- Las profundidades del ser del hombre lo impulsa a buscar a Dios -- Dios y la lógica empírica -- La fe en la realidad de lo invisible implica algo más que a Dios -- Las manifestaciones de Dios en la naturaleza -- La necesidad del mundo para quien no tiene necesidad -- La finitud de la cadena de causalidad -- Demagogia pseudocientífica -- ¿Cómo presenta a Dios el Sagrado Corán? -- La condición de un objeto ideal de adoración -- La incomparabilidad de los atributos divinos -- El infinito poder de Dios -- El conocimiento ilimitado de Dios -- Opiniones respecto a la justicia divina -- Un análisis sobre la desgracia y la adversidad -- La adversidad, causa del despertar -- Algunos aspectos de la desigualdad -- Libre voluntad y determinismo. Una visión general del problema -- Libro voluntad -- Las formas del querer y la voluntad de Dios -- Una interpretación impropia de Qada y Qadar. aSEG42 aSEG41 aSEG40 aSEG39 aP94 aP87 aP86 aP85 aP77 aP76 aP35 g001-002141;04aIslamxDoctrinas.1 aTaufiq Brusa, Haidar,etraductor.